Spieler mit den meisten Auftritten bei Europameisterschaft - Statistiken

Allgemein
  • Dieses Quiz wurde 16 mal gespielt
    11 seit der letzten Aktualisierung
  • Das Durchschnittsergebnis liegt bei 8 aus 13
Antwortstatistiken
Nationalität Spiele Jahre Spieler % Korrekt
Portugal 30 2004, 2008, 2012, 2016, 2020 Cristiano Ronaldo
100%
England 18 2016, 2020, 2024 Harry Kane
89%
Portugal 23 2008, 2012, 2016, 2020 Pepe
89%
Deutschland 17 2012, 2016, 2020, 2024 Thomas Müller
89%
Deutschland 20 2012, 2016, 2020, 2024 Manuel Neuer
78%
Deutschland 20 2012, 2016, 2020, 2024 Toni Kroos
78%
Frankreich 17 2016, 2020, 2024 Antoine Griezmann
56%
Deutschland 18 2004, 2008, 2012, 2016 Bastian Schweinsteiger
56%
Italien 17 2004, 2008, 2012, 2016 Gianluigi Buffon
56%
Italien 17 2008, 2012, 2016, 2020 Giorgio Chiellini
56%
Spanien 17 2016, 2020, 2024 Álvaro Morata
33%
Italien 18 2012, 2016, 2020 Leonardo Bonucci
33%
Portugal 19 2008, 2012, 2016, 2020 João Moutinho
11%
Keine übereinstimmenden Quizze gefunden
Verteilung der Resultate
Anzahl Personen mit jedem Resultat
Perzentil nach korrekt beantworteten Fragen
Ihre Resultats-Entwicklung
Sie haben dieses Quiz seit der letzten Aktualisierung nicht gespielt